Catálogo

Elevación y caida de Porfirio Díaz / (Registro nro. 37652)

Detalles MARC
000 -LEADER
fixed length control field 01094cam a2200313 i 4500
001 - CONTROL NUMBER
control field 37652
003 - CONTROL NUMBER IDENTIFIER
control field Mx-PuUPA
005 - DATE AND TIME OF LATEST TRANSACTION
control field 20260226102615.0
008 - FIXED-LENGTH DATA ELEMENTS--GENERAL INFORMATION
fixed length control field 140415s1975 mx gr 000 0 spa d
040 ## - CATALOGING SOURCE
Original cataloging agency Mx-PuUPA
Language of cataloging spa
Transcribing agency Mx-PuUPA
Modifying agency Mx-PuUPA
Description conventions rda
041 0# - LANGUAGE CODE
Language code of text/sound track or separate title spa
043 ## - GEOGRAPHIC AREA CODE
Geographic area code n-mx---
100 1# - MAIN ENTRY--PERSONAL NAME
Personal name López-Portillo y Rojas, José,
Relator term autor
Dates associated with a name 1850-1923
9 (RLIN) 17854
245 10 - TITLE STATEMENT
Title Elevación y caida de Porfirio Díaz /
Statement of responsibility, etc. por José López-Portillo y Rojas ; con el prólogo del Sr. Lic. D. Atenedoro Monroy
250 ## - EDITION STATEMENT
Edition statement Segunda edición
264 #1 - PRODUCTION, PUBLICATION, DISTRIBUTION, MANUFACTURE, AND COPYRIGHT NOTICE
Place of production, publication, distribution, manufacture México, D.F. :
Name of producer, publisher, distributor, manufacturer Editorial Porrúa,
Date of production, publication, distribution, manufacture, or copyright notice ©1975
300 ## - PHYSICAL DESCRIPTION
Extent 502 páginas ;
Dimensions 24 cm
336 ## - CONTENT TYPE
Fuente rdacontent
Content type term texto
Content type code txt
337 ## - MEDIA TYPE
Source rdamedia
Media type term sin medio
Media type code n
338 ## - CARRIER TYPE
Source rdacarrier
Carrier type term volumen
Carrier type code nc
490 0# - SERIES STATEMENT
Series statement Biblioteca Porrúa ;
Volume/sequential designation 63
600 14 - SUBJECT ADDED ENTRY--PERSONAL NAME
Personal name Díaz, Porfirio,
Dates associated with a name 1830-1915
651 #4 - SUBJECT ADDED ENTRY--GEOGRAPHIC NAME
Geographic name México
General subdivision Historia
Chronological subdivision 1867-1910
651 #4 - SUBJECT ADDED ENTRY--GEOGRAPHIC NAME
Geographic name México
General subdivision Política y gobierno
Chronological subdivision 1867-1910
700 1# - ADDED ENTRY--PERSONAL NAME
Personal name Monroy, Atenedoro,
Relator term prologuista
942 ## - ADDED ENTRY ELEMENTS (KOHA)
Source of classification or shelving scheme Dewey Decimal Classification
Koha item type Libro
Classification part 972.0814
Item part L25
Existencias
Withdrawn status Lost status Source of classification or shelving scheme Damaged status Not for loan Collection code Home library Current library Shelving location Date acquired Source of acquisition Total Checkouts Full call number Barcode Date last seen Price effective from Koha item type
    Dewey Decimal Classification     General Centro de Estudios Guadalupanos Centro de Estudios Guadalupanos Sala general 03/12/2013 Compra   972.0814 L25 1975 47250 10/03/2026 03/12/2013 Libro